02066cam a22004574i 4500003000900000005001700009008004100026020001500067020001800082035002000100040001300120049000900133082002000142100003900162245008800201264007700289300003700366336002100403337002500424338002300449504002900472505050600501526001001007526001001017526001001027526001001037526000801047526000801055526000801063526000801071526000801079526000801087526000801095650004501103700003101148596000601179942001401185999017301199980005501372952018101427PE-LiUPU20250731172906.0 s2016 txt rb 001 0 eng d a0802825540 a9780802825544 a(Sirsi) a166535 aPE-LiUPU aPRUA04a228.07bT482231 aThomas, John Christopher.,eautor.10aRevelation :bthe two horizons new testament commentary /cJohn Christopher Thomas. aGrand Rapids, Michigan :bWilliam B. Eerdmans Publishing Company,c2016. a670 páginas ;c24 centimetros. atext2rdacontent aunmediated2rdamedia avolume2rdacarrier aBibliografías 625-636.04aIntroduction. Structure and nature of the book -- Audience -- Date -- Authorship -- Revelation and its streams of influence: The history of effects. Commentary. "In the Spirit on the Lord's Day" (1:9-3:22) -- "In the Spirit in heaven (4:1-16:21) -- "In the Spirit" -- Carried to a wilderness -- "In the spirit" -- Carried to a great high mountain: The description of the New Jerusalem (21:9-22:5). Theological horizons of Revelation. God -- Christ -- Holy Spirit -- Church -- Salvation -- Eschatology. aSEG42 aSEG41 aSEG40 aSEG39 aP94 aP87 aP86 aP85 aP77 aP76 aP3504aBiblia.pN.T.pApocalipsisvComentarios.1 aMacchia, Frank D.,eautor. a1 2ddccBOOK a228.07 T48wLCc15279i75286d15279e2017-7-26f2021-11-9g5lCCODEBUL1mBULn8p23.37q12r0sYtBOOKu2017-1-26xTEOLOGIAPP850COMPRAo.STAFF. Colección Teología 81gALBERTO SANCHEZ Responsable de Automatización r2025-12-03 00:00:00i6l8o228.07 T48p75286s2017-07-26te1v28.37w2017-01-26xPGyBKzinventario-2023-12-13102ddc50708GENfP85aBULbBULcGENd2017-01-26eCOMPRAg23.37